000 00533nam a2200169 i 4500
001 43061
003 ES-MaACL
005 20230906160727.0
007 t|
008 030314s1971 sp ||||1| spa d
100 1 _aCastro Rodríguez, Manuel de.
_936957
245 1 0 _aCómo organizar y dirigir una empesa /
_cpor Manuel de Castro ; traductor: Manuel Poblete Ruiz.
260 _aMadrid :
_bIbérico Europea,
_c[1971]
300 _a128 p. ;
_c21 cm.
700 1 _aPoblete Ruiz, Manuel.
_992692
852 _aES-MaACL
_jC-47754
_bR.77885
999 _c43061
_d43061